Loading...
History - American History | 0 | 3 | 0 | 1 | 30 | 78 | 91.67 | 0 | 1 |
History - European History | 0 | 1 | 0 | 1 | 10 | 144 | 144.00 | 0 | 0 |
Science - Chemistry | 0 | 1 | 0 | 0 | 10 | 126 | 126.00 | 0 | 1 |
Literature - Poetry | 0 | 1 | 0 | 1 | 10 | 154 | 154.00 | 0 | 0 |
Religion | 0 | 1 | 0 | 1 | 10 | 152 | 152.00 | 0 | 0 |
Science - Other Science | 0 | 1 | 1 | 1 | 5 | 143 | 143.00 | 0 | 0 |
Fine Arts - Other Fine Arts | 0 | 0 | 0 | 0 | 0 | 0.00 | 0 | 0 | |
Literature - Long Fiction | 0 | 0 | 0 | 0 | 0 | 0.00 | 0 | 0 | |
Science - Biology | 0 | 1 | 2 | 1 | 0 | 130 | 130.00 | 0 | 0 |
Social Science | 0 | 0 | 1 | 0 | -5 | 0.00 | 0 | 0 | |
Science - Physics | 0 | 0 | 4 | 0 | -20 | 0.00 | 0 | 0 |